00862nam a2200265 i 4500001000300000100002000003245007700023260006800100300003400168490002300202504002100225521002900246650001800275650003700293650002300330655001400353830002300367020001500390040000800405041000800413044000800421080002800429008004100457856009800498bg1 aHeciak, Paweł.0 aJak uczestniczyć w Walnym Zgromadzeniu Akcjonariuszy /cPaweł Heciak. aWarszawa :bKomisja Papierów Wartościowych i Giełd,c2005. a48 s. :bil. kolor. ;c21 cm.1 aPoradnik Inwestora aBibliogr. s. 46.8 aDo celów edukacyjnych. 9aAkcjonariusze 9aSpółki akcyjnexzarządzanie 9aWalne zgromadzenie aPoradniki aPoradnik Inwestora a8386897260 cBPK0 apol aPOL a347.725:658.114.4.012.4 s pl f |000 0 pol  uhttp://koha.tu.koszalin.pl/cgi-bin/koha/opac-detail.pl?biblionumber=49578yKatalog online BPK